| 000 | 00631nam a2200205 u 4500 | ||
|---|---|---|---|
| 005 | 20230310063610.0 | ||
| 008 | 071008s2006 mx r 000 0 spa d | ||
| 020 | _a8493509701 | ||
| 035 | _aUPN01000152642 | ||
| 049 | _aCG | ||
| 050 | 4 |
_aPR6066 E6.93 _bS2.4 |
|
| 100 | 1 |
_aPerry, Anne, _d1938- _942797 |
|
| 245 | 1 | 0 |
_aSalvar a Luis XVI / _cAnne Perry ; tr. de Eulalia Gandía. |
| 260 |
_aBarcelona, Esp. : _bSwing, _cc2006. |
||
| 300 | _a383 p. | ||
| 534 |
_pTítulo original: _tThe one thing more |
||
| 650 | 4 |
_aNovela inglesa _94471 |
|
| 651 | 4 |
_aFRANCIA - _xHISTORIA - _yREVOLUCION, 1789-1793 - _vNOVELA _99578 |
|
| 905 | _aLibro | ||
| 999 |
_c124765 _d124765 |
||